Responses for Show #8611 - Monday, April 4, 2022

Contestants

[<< previous game]

Camron Conners, a high school social studies teacher from Rancho Santa Margarita, California

Sarah Cahalan, a news assistant from Logansport, Indiana

Nell Klugman, a museum educator from Brooklyn, New York (whose 1-day cash winnings total $24,401)

[next game >>]

Jeopardy! Round responses

CHANGES ON THE U.S. MAP
ALL'S "VEL" THAT ENDS "VEL"
BOOK PARTS, REIMAGINED
EVERYTHING IS GOLDEN
THE HIT OF THE DECADE
BENJAMIN FRANKLIN
(Mandy: He was the Edison, Kissinger and Suze Orman of 18th century America, all in one; I'm Mandy Patinkin with clues about Benjamin Franklin whose words I read in the new Ken Burns documentary.)
    $200 6
Cape Kennedy

Triple Stumper
    $200 1
level

Camron
    $200 15
the index

Nell
    $200 8
raspberries

Camron
    $200 10
(Mayim: By Elvis.)

the 1950s

Sarah
    $200 26
bifocals

Nell
    $400 7
(Nell: What's Newark?)
(Camron: What is Dover?)

Wilmington

NellCamron
Triple Stumper
    $400 2
your navel

Camron
    $400 16
a page

Camron
    $400 9
Charlie and the Chocolate Factory

Sarah
    $400 11
the 1970s

Sarah
    $400 27
(Camron: What is The Farmers' Almanac?)
(Nell: What is Poor William's?)

Poor Richard's Almanack

NellCamron
Triple Stumper
    $2,000 21
by-the-Sea

Camron
    $600 3
a gavel

Nell
    $600 17
the appendix

Camron
    $600 20
Utah

Camron
    $600 12
(Mayim: Yes, by Falco.)

the 1980s

Sarah
    $600 28
battery

Nell
    $800 22
New Mexico

Nell
    $800 4
travel

Nell
    $800 18
a spine

Camron
    $800 24
goldenrod

Nell
    $800 13
(Mayim: Yes, that would be C+C Music Factory.)

the 1990s

Sarah
    $800 30
(Mayim: Our thanks to Mandy Patinkin for those clues and you can watch the new Benjamin Franklin documentary starting tonight on PBS.)

a patent

Camron
    $1000 23
Cincinnati

Camron
    $1000 5
a hovel

Camron
    $1000 19
the introduction

Sarah
    $1000 25
(Nell: Who is Raleigh?)

(Sir Francis) Drake

NellSarah
    $1000 14
(Mayim: Yes, by Macklemore & Ryan Lewis. You ran that category, well done)
[Applause]

the 2010s

Sarah
    $1000 29
Lafayette

Camron

Scores at the first commercial break (after clue 15):

Nell Sarah Camron
$1,200 $3,400 $1,400

Scores at the end of the Jeopardy! Round:

Nell Sarah Camron
$2,200 $5,400 $8,200

Double Jeopardy! Round responses

ASIAN MONARCHS
BIRTH OF A WRITER
PHYSICAL GEOGRAPHY
BRANDS
CITY FOLK
WORDS THAT SHOULD RHYME
    $400 11
Buddhism

Sarah
    $400 5
a fault

Sarah
    $400 6
(Mayim: Yes, now I know what to call him.)
[Laughter]

Pringles

Camron
    $400 14
(Mayim: Yes, good to know.)

Paris Hilton

Camron
    $400 21
(Nell: [*]?)
...
(Mayim: Sorry, Nell, please remember your phrasing.)

cork & work

NellCamron
    $800 12
China

Nell
    $800 7
North America & Europe

Camron
    $800 18
(Camron: What is, uh, Quaker Oats?)

Aveeno

Camron
Triple Stumper
    $800 22
wharf & scarf

Triple Stumper
    $1200 15
Persia

Camron
    $1200 2
(Salman) Rushdie

Nell
    $1200 8
savanna

Camron
    $1200 19
wrangler

Nell
    $1200 13
Orlando Bloom

Sarah
    $1200 1
"Changes" & Ganges

Triple Stumper
    $5,200 16
Hammurabi

Camron
    $3,400 3
(Nell: Who... is... Hansberry?)

Alice Walker

Nell
    $1600 9
(Camron: What is a [**]?)
[Camron's response was changed from incorrect to correct when the Daily Double played.]

a delta (valley)

Camron
    $1600 24
Excedrin

Sarah
    $1600 26
Bryce Dallas Howard

Nell
    $1600 20
heath & breath

Triple Stumper
    $2000 17
Kublai Khan

Camron
    $2000 4
(Nell: Who is Du Bois?)

(Booker T.) Washington

NellCamron
    $2000 10
calderas

Camron
    $2000 25
(Nell: What's Rolex?)

a Patek Philippe

Nell
Triple Stumper
    $2000 27
[The end-of-round signal sounds.]

Sofia Coppola

Nell
    $2000 23
(Mayim: Less than a minute, Cameron...)

vestige & prestige

Triple Stumper

Scores at the end of the Double Jeopardy! Round:

Nell Sarah Camron
$1,200 $9,000 $24,600
(lock game)

[wagering suggestions for these scores]

Final Jeopardy! Round responses

CURRENT TELEVISION
(Mayim: [To Nell] [*] is correct, it centers on the Roy family and yes, Happy birthday, James.)
NellWhat is Succession? Happy birthday, James
$200
SarahWhat is Succession?
$4,000
CamronWhat are the ...?
$400
Succession

Final scores:

Nell Sarah Camron
$1,400 $13,000 $24,200
3rd place: $1,000 2nd place: $2,000 New champion: $24,200

Game dynamics:

Coryat scores:

Nell Sarah Camron
$4,600 $9,000 $19,600
12 R,
7 W
(including 1 DD)
12 R,
0 W
23 R
(including 2 DDs),
3 W

Combined Coryat: $33,200

[game clues] [game scores] [suggest correction]

Game tape date: 2022-01-27
The J! Archive is created by fans, for fans. Scraping, republication, monetization, and malicious use prohibited; this site may use cookies and collect identifying information. See terms. The Jeopardy! game show and all elements thereof, including but not limited to copyright and trademark thereto, are the property of Jeopardy Productions, Inc. and are protected under law. This website is not affiliated with, sponsored by, or operated by Jeopardy Productions, Inc. Join the discussion at JBoard.tv.